[Event "Obb. Jugend-EM 2011 U12"]
[Site "Mühldorf am Inn"]
[Date "2011.03.13"]
[Round "5"]
[White "Schüller, Mark"]
[Black "Czychon, Simon"]
[Result "1-0"]
[BlackElo "831"]
[WhiteElo "1043"]

1.e4 e5 2.Nf3 Nc6 3.Bc4 Bc5 4.c3 Nf6 5.d4 exd4 6.cxd4 Bb4+ 7.Nc3 O-O 8.Bg5 Bxc3+ 9.bxc3
h6 10.Bxf6 Qxf6 11.O-O d6 12.h3 a6 13.Re1 Re8 14.Qd3 Be6 15.d5 Bxd5 16.Bxd5 Na5 17.Rab1
c6 18.Bb3 b5 19.c4 Rab8 20.cxb5 axb5 21.Bc2 Rb6 22.Qd4 c5 23.Qxf6 gxf6 24.a4 b4 25.Bd3
c4 26.Bc2 b3 27.Rec1 Reb8 28.Bd1 Rb4 29.Be2 Rc8 30.Nd2 Kg7 31.Kh2 Kg6 32.Kg3 f5 33.exf5+
Kf6 34.Ne4+ Ke5 35.Nc3 Kxf5 36.Bg4+   1-0

[Event "Obb. Jugend-EM 2011 U12"]
[Site "Mühldorf am Inn"]
[Date "2011.03.13"]
[Round "5"]
[White "Joebges, Nico"]
[Black "Hacker, Zeno"]
[Result "1-0"]
[BlackElo "990"]
[WhiteElo "833"]

1.e4 e5 2.Nf3 Nf6 3.Nc3 Nc6 4.Bc4 h6 5.h3 Be7 6.d3 O-O 7.O-O a6 8.a3 b5 9.Bb3 Nd4
10.Ba2 d6 11.Be3 Nxf3+ 12.Qxf3 c5 13.Nd5 Nxd5 14.Bxd5 Ra7 15.Qg3 Be6 16.Bxh6 Bf6
17.Bxe6 fxe6 18.Be3 Bh4 19.Qg4 Re7 20.Qxh4 Ref7 21.Qxd8 Rxd8 22.b4 c4 23.dxc4 bxc4
24.Bb6 Rb8 25.Bc7 Rb5 26.Bxd6 Rf4 27.Rfe1 a5 28.bxa5 Rxa5 29.a4 Rf7 30.Bb4 Ra6 31.a5
Rb7 32.Bc3 Rb5 33.Red1 Kf7 34.Rd7+ Kf6 35.Kh2 Kg5 36.Rxg7+ Kf6 37.Rc7 Kg5 38.Rxc4
Kf4 39.Rb4 Rc5 40.Bd2#   1-0